| 000 | 01170nam a22003377a 4500 | ||
|---|---|---|---|
| 003 | CHAP | ||
| 005 | 20220817044254.0 | ||
| 008 | 090605s2008 mx a rs o00010 spa d | ||
| 010 | _a96321 | ||
| 011 | _a97293 | ||
| 020 | _a9789701349687 | ||
| 035 | _a107957 | ||
| 040 | _cCHAP | ||
| 082 | 0 | 4 |
_a338.972 _bI53 2007 |
| 110 | 2 |
_aInstituto Nacional de Estadística, Geografía e Informática. México _959304 |
|
| 245 | 1 | 0 |
_aMéxico hoy _c/por Instituto Nacional de Estadística, Geografía e Informática |
| 260 |
_aAguascalientes, Ags. : _bINEGI, _cc2008 |
||
| 300 |
_a300 p. : _bil. |
||
| 590 |
_aBATCH-UPD _b10 _c20130110 _lUCH01 _h0929 |
||
| 590 |
_aBATCH-UPD _b10 _c20130410 _lUCH01 _h0549 |
||
| 590 |
_aBATCH-UPD _b10 _c20130914 _lUCH01 _h1239 |
||
| 590 |
_aCONVERSION _b10 _c20130109 _lUCH01 _h1353 |
||
| 650 | 0 | 4 |
_aEducación _xMéxico. _935466 |
| 650 | 0 | 4 |
_aMéxico _xCondiciones económicas. |
| 650 | 0 | 4 |
_aPoblación _xMéxico. _989408 |
| 650 | 1 | 4 |
_aMéxico _xCondiciones sociales. _976730 |
| 650 | 1 | 4 |
_aMéxico _xEstadísticas. _976743 |
| 901 | _aBK | ||
| 942 | _cLIBRO | ||
| 949 |
_a338.972 I53 2005 _bBC _cINEGI _d33724002135462 _eINEGI _gDonaciØn _h110805 _i107957 _sb |
||
| 999 |
_c96321 _d96321 |
||